Times por Escudo - Eredivisie 23/24 - Statistics

Estatísticas Gerais
  • Esse quiz foi jogado 81 vezes
  • A pontuação média é 9 de 18
Estatísticas das Respostas
Imagem Resposta % Correto
Ajax
98%
PSV
98%
Feyenoord
92%
AZ
83%
Vitesse
78%
Twente
68%
Sparta Rotterdam
53%
Utrecht
53%
Heerenveen
39%
PEC Zwolle
37%
Go Ahead Eagles
32%
NEC Nijmegen
32%
Fortuna Sittard
31%
Heracles
29%
Volendam
29%
Excelsior
27%
RKC
15%
Almere City
12%
Nenhum quiz correspondente encontrado
Distribuição das Pontuações
Porcentagem de Pessoas com Cada Pontuação
Percentil de Números Respondidos
Sua Pontuação Histórica
Você não jogou esse quiz